Reader´s Digest great workd atlas / (Registro nro. 13139)

Detalles MARC
000 -LEADER
fixed length control field 00753nam a22002417a 4500
003 - CONTROL NUMBER IDENTIFIER
control field DO-SdBNP
005 - DATE AND TIME OF LATEST TRANSACTION
control field 20171127150229.0
008 - FIXED-LENGTH DATA ELEMENTS--GENERAL INFORMATION
fixed length control field 161031b 1963 xxu ab 00| 0 spa d
040 ## - CATALOGING SOURCE
Original cataloging agency BPMSU
Language of cataloging spa
Transcribing agency BPMSU
082 ## - DEWEY DECIMAL CLASSIFICATION NUMBER
Classification number xxxx
Item number xxxx
110 1# - MAIN ENTRY--CORPORATE NAME
Corporate name or jurisdiction name as entry element Reader´s Digest Association.
245 10 - TITLE STATEMENT
Title Reader´s Digest great workd atlas /
260 ## - PUBLICATION, DISTRIBUTION, ETC. (IMPRINT)
Place of publication, distribution, etc. Pleasantville, N.Y. :
Name of publisher, distributor, etc. Reader´s Digest association,
Date of publication, distribution, etc. 1963.
300 ## - PHYSICAL DESCRIPTION
Extent 232 p. :
Other physical details mapa.
Dimensions 42 cm.
500 ## - GENERAL NOTE
General note Incluye índice de los Estados Unidos de América.
500 ## - GENERAL NOTE
General note Incluye índice del mundo.
500 ## - GENERAL NOTE
General note Incluye índice general.
650 ## - SUBJECT ADDED ENTRY--TOPICAL TERM
General subdivision ATLAS
910 ## - USER-OPTION DATA (OCLC)
User-option data 000144
942 ## - ADDED ENTRY ELEMENTS (KOHA)
Source of classification or shelving scheme Dewey Decimal Classification
Koha item type Libros
945 ## - LOCAL PROCESSING INFORMATION (OCLC)
a Inventariado extranjero / 2017 YL
956 ## - LOCAL ELECTRONIC LOCATION AND ACCESS (OCLC)
Host name YLOCKWARD
Access number 10
Compression information 20171127
Path 144
Existencias
Withdrawn status Lost status Source of classification or shelving scheme Damaged status Not for loan Collection code Home library Current library Date acquired Source of acquisition Total Checkouts Full call number Barcode Date last seen Price effective from Koha item type
    Dewey Decimal Classification     Colección General Biblioteca Pública Metropolitana Salomé Ureña Biblioteca Pública Metropolitana Salomé Ureña 11/27/2017 Sin sellar   xxxx xxxx BPMSU17110467 11/27/2017 11/27/2017 Libros